| 000 | 01483nam a2200241 i 4500 | ||
|---|---|---|---|
| 001 | 189526 | ||
| 003 | SpMaBN | ||
| 005 | 20251014063307.0 | ||
| 008 | 190606s1868 po |||| | por d | ||
| 100 | 1 |
_aCosta, Francisco A. Pereira da, _d1809-1889 _9167301 |
|
| 245 | 1 | 0 |
_aNoçoes sobre o estado prehistorico da terra e do homem seguidas da descripçâo de alguns dolmins ou antas de Portugal = _bNotions sur l'état prehistorique de la terre et de l'homme suivies de la description de quelques dolmens ou antas du Portugal / _cpor F.A. Pereira da Costa ; com a traduçao franceza por M. Dalhunty. |
| 246 | 3 | _aNotions sur l'état prehistorique de la terre et de l'homme suivies de la description de quelques dolmens ou antas du Portugal | |
| 246 | 3 |
_aMonumentos prehistoricos : _bdescripçao de alguns dolmins ou antas de Portugal |
|
| 260 |
_aLisboa : _bTyp. da Academia Real das Sciencias, _c1868. |
||
| 300 |
_aVIII, 97 p., III h. de lám. pleg. ; _c33 cm. |
||
| 546 | _aTexto paralelo en portugués y francés. | ||
| 650 | 4 |
_aHombre prehistórico- _zPortugal. _9167302 |
|
| 651 | 4 |
_aPortugal- _xHistoria- _yÉpoca prehistórica. _9161570 |
|
| 700 | 1 |
_aDalhunty. M. _9126690 |
|
| 710 | 2 |
_aAcademia das Ciências de Lisboa. _91159 |
|
| 852 |
_aES-MaACL _jL-32428(3) _z- Enc. cart. _z. - Legado Federico de Botella y de Hornos _z- Enc. en 1 vol. facticio, con nombre en el lomo de: "Portugal: geología, memorias y documentos varios" |
||
| 999 |
_c189526 _d189526 |
||